Responses for Show #8200 - Friday, April 10, 2020

2020 College Championship quarterfinal game 5.

Contestants

[<< previous game]

Nibir Sarma, a sophomore at the University of Minnesota from Eden Prairie, Minnesota

Natalie Hathcote, a junior at Liberty University from Parker, Colorado

Tyler Combs, a senior at Indiana University from Greenfield, Indiana

[next game >>]

Jeopardy! Round responses

THINK SMALL
MODERN MUSIC
WORDS TO FEAR
"SPRING" BREAK
(Alex: "Spring" will come up in each correct response.)
CATS
OLD DEUTERONOMY
    $200 25
Trivial

Tyler
    $200 30
Harry Styles

Tyler
    $200 29
(Natalie: What is sleep paralysis?)
...
(Natalie: Makes sense.)

a nightmare

TylerNatalie
    $200 1
the Arab Spring

Tyler
    $200 28
the ocelot

Tyler
    $200 8
an apple

Nibir
    $400 24
shrimp

Nibir
    $400 27
South Korea

Natalie
    $400 26
Horror

Nibir
    $400 2
spring forward, fall back

Nibir
    $400 19
(Natalie: What is the Bengal?)

a Siamese

TylerNatalie
    $400 7
the Jordan

Natalie
    $600 17
the Nano

Natalie
    $600 23
Billie Eilish

Tyler
    $600 22
dread

Nibir
    $600 11
Silent Spring

Nibir
    $600 16
a Sphynx

Tyler
    $1,000 4
the Ten Commandments

Natalie
    $800 14
petite

Natalie
    $800 21
Shawn Mendes

Natalie
    $800 18
scare

Natalie
    $800 10
Warm Springs

Triple Stumper
    $800 15
rex

Natalie
    $800 6
(Tyler: What is the Talmud?)

the Torah

TylerNatalie
    $1000 13
a microaggression

Tyler
    $1000 12
Wilco

Triple Stumper
    $1000 20
a phobia

Nibir
    $1000 9
Hope springs eternal

Tyler
    $1000 3
the Havana

Natalie
    $1000 5
(Nibir: What is the mantelpiece?)

the doorway

NatalieNibir

Scores at the first commercial break (after clue 15):

Tyler Natalie Nibir
$1,400 $5,800 $200

Scores at the end of the Jeopardy! Round:

Tyler Natalie Nibir
$3,800 $7,800 $2,600

Double Jeopardy! Round responses

HEAD FOR THE HILLS
RHYME TIME
PEOPLE NAMED ALEX
LITERARY GENRES
DON'T KNOW MUCH ABOUT HISTORY
FILM SCHOOLS
    $400 29
the Aztecs

Tyler
    $400 30
a fake snake

Nibir
    $400 26
Macedonia

Nibir
    $400 27
martial arts

Tyler
    $400 25
the Tomb of the Unknown Soldier

Tyler
    $400 28
The Social Network

Nibir
    $800 24
Venezuela

Tyler
    $800 23
heckle Jekyll

Tyler
    $800 22
Victoria

Nibir
    $800 8
an epic

Tyler
    $800 6
Custer

Nibir
    $800 21
Spock

Tyler
    $2,500 17
(Nibir: [Exhales] What is Lantern Hill?)

Beacon Hill

Nibir
    $1200 16
a travel gavel

Nibir
    $1200 18
NATO

Tyler
    $3,400 11
magical realism

Tyler
    $1200 5
the Emancipation Proclamation

Tyler
    $1200 20
Forrest Gump

Tyler
    $1600 13
the Tiber

Nibir
    $1600 14
a loyal royal

Tyler
    $1600 1
Malcolm X

Tyler
    $1600 10
the 19th century

Tyler
    $1600 4
1812

Tyler
    $1600 19
Spider-Man

Tyler
    $2000 12
Avalon

Nibir
    $2000 7
a percussion discussion

Natalie
    $2000 2
Alexander Stephens

Tyler
    $2000 9
Gothic

Tyler
    $2000 3
terra incognita

Tyler
    $2000 15
Good Will Hunting

Nibir

Scores at the end of the Double Jeopardy! Round:

Tyler Natalie Nibir
$29,200 $9,800 $9,700
(lock game)

Final Jeopardy! Round responses

WORDS IN THE NEWS
(Alex: [To Natalie] You wrote down "Writ of Centura"?)
(Natalie: Centurari? I don't--is that a thing?)
[Laughter]
(Alex: It's certiorari.)
(Natalie: Oh, cool. Government class was a while ago.)
[More laughter]
(Natalie: I'm sorry.)
(Alex: Don't be sorry for me.)
(Natalie: Well, I'm sorry for me.)
...
(Alex: [To Tyler] He was--he was about to write down the incorrect response. It doesn't matter. What did he lose? $800; that drops him down to $28,400, but he's a semifinalist. Come on over here. Congratulations, Tyler.)
(Tyler: Thank you, Alex.)
(Alex: And now, here are the other quarterfinal winners from earlier this week...)
(Marshall: Marshall Comeaux, University of Texas at Austin.)
(Nathaniel: Nathaniel Miller, Yale University.)
(Londyn: Londyn Lorenz, University of Mississippi.)
(Joe: Joe Coker, Hendrix College.)
(Alex: And now, those all-important four wild card spots...)
(Kayla: Kayla Kalhor, University of Florida.)
(Beni: Beni Keown, Northwestern University.)
(Xiaoke: Xiaoke Ying, USC.)
(Alex: I said four. That was three. Oh, Nibir! Come on, you're gonna be a semifinalist also. Way to go. You guys get to come back and play next week. Hope you'll join us then. So long, everybody.)
NibirWhat is^ quid pro quo?
$8,748
NatalieWhat is Writ of Centura.
$5,400
TylerWhat is cogito
$800
quid pro quo

Final scores:

Tyler Natalie Nibir
$28,400 $4,400 $18,448
Automatic semifinalist 3rd place: $5,000 if eliminated 2nd place: $5,000 if eliminated

Game dynamics:

Coryat scores:

Tyler Natalie Nibir
$27,000 $9,400 $12,200
29 R
(including 1 DD),
1 W
12 R
(including 1 DD),
2 W
16 R,
2 W
(including 1 DD)

Combined Coryat: $48,600

[game clues] [game scores] [suggest correction]

Game tape date: 2020-02-03
The J! Archive is created by fans, for fans. Scraping, republication, monetization, and malicious use prohibited; this site may use cookies and collect identifying information. See terms. The Jeopardy! game show and all elements thereof, including but not limited to copyright and trademark thereto, are the property of Jeopardy Productions, Inc. and are protected under law. This website is not affiliated with, sponsored by, or operated by Jeopardy Productions, Inc. Join the discussion at JBoard.tv.